| 000 | 00572nam a2200193Ia 4500 | ||
|---|---|---|---|
| 005 | 20250923150008.0 | ||
| 008 | 008 250917s9999 xx 000 0 eng d | ||
| 037 | _aTextual | ||
| 040 |
_aDSWL _beng _cDSWL |
||
| 041 |
_aeng _2eng |
||
| 084 |
_aY15OaX:77x4, N96 _qDSWL |
||
| 245 | 0 |
_aSpeaking out : Women's Economic empowerment in South Asia _c Ed. by Marilyn Carr |
|
| 260 |
_aNew Delhi _bVistar Pub. _c1998 |
||
| 300 | _axiv,238 p. | ||
| 365 |
_aINR _b250.00 |
||
| 925 | _g250.00 | ||
| 942 |
_cTEXL _hY15OaX:77x4, N96 |
||
| 999 |
_c1458294 _d1458294 |
||